000 00809nam a2200217 i 4500
001 bg
245 0 0 _aPrzewodnik do ćwiczeń z mechanizacji rolnictwa /
_cJ[ędrzej] Bayer [et al.].
_nCz. 2.
260 _aBydgoszcz :
_bWydaw. Uczelniane ATR,
_c1995.
300 _a106, [1] s. :
_brys., 1 wykr. ;
_c23 cm.
490 1 _aSkrypty / Akademia Techniczno-Rolnicza im. Jana i Jędrzeja Śniadeckich w Bydgoszczy
504 _aBibliogr. s. [107].
650 9 _aRolnictwo
_xnarzędzia i maszyny
_xbudowa i konstrukcje
655 _aPodręczniki akademickie
700 1 _aBAYER, Jędrzej.
830 0 _aSkrypty (Akademia Techniczno-Rolnicza im. Jana i Jędrzeja Śniadeckich w Bydgoszczy)
040 _cBPK
041 0 _apl
080 _a631.3(075.8)
942 _cKS
008 s pl f |000 0 pol
999 _c6881
_d6881
856 _uhttp://koha.tu.koszalin.pl/cgi-bin/koha/opac-detail.pl?biblionumber=6881
_yKatalog online BPK